000 00770aam a2200265 i 4500
001 768714001
003 CO-MdFUSB
005 20260123122816.0
007 ta
008 260123t1996 ck |||| |||| 00| 0 spa d
040 _cCO-MdFUSB
041 0 _aspa
082 0 4 _223
_a238.4
_bC74892e
245 1 0 _aEl encuentro ecuménico entre los teólogos de Wittenberg y de Roma en Augsburgo
_c/ dirigido por Majestad Imperial Carlos V
264 1 _bIELCO-SELITE,
_aSantafé de Bogotá :
_c[1996]
264 4 _c©1996
300 _a68 páginas
_c; 23 cm
336 _atexto
_btxt
_2rdacontent
337 _2rdamedia
_asin mediación
_bn
338 _2rdacarrier
_avolumen
_bnc
563 _aRústico
653 _aEncuentro ecuménico
942 _cBK
945 _aJTF-925
999 _c42862
_d42862